000
00303nam a22001217a 4500
008
160505b xxu||||| |||| 00| 0 eng d
020
_a
9780803608344
020
_a
0803608349
041
_a
eng
080
_a
612
245
_a
Aging - The health care challenge:
_c
Carole Bernstein Lewis;
942
_2
udc
_c
BK
999
_c
1825
_d
1825